000 00322nam a22001337a 4500
008 171006b xxu||||| |||| 00| 0 eng d
020 _a9780131599253
041 _aeng
080 _23RD
_a 159.9
100 _a49
101 _aPSI
245 _aJUVENILE DELINQUENCY AND ANTISOCIAL BEHAVIOR
_cBARTOL.C.R
942 _2udc
_cBK
999 _c32422
_d32422